Регионална библиотека "Любен Каравелов" - Русе

В авангарда на класата (Запис номер 167568)

MARC детайли
000 -Лидер
Контролно поле с фиксирана дължина 01878nam a2200421 a 4500
003 - Код на организацията, давaща контролен номер
Контролно поле BLK
005 - Дата и час на последна редакция
Контролно поле 20240221130632.0
008 - Елементи от данни с фиксирана дължина
fixed length control field 180411b bul|||||r ||||||| ||bul||
010 ## - Наследен системен номер
LC control number KNG00175379000
040 ## - Източник на каталожния запис
Идентификатор на билиотеката - собственик на записа BLK
041 ## - Код за език
Код за езика на текст/звукозапис или на отделно заглавие Български
Код за езика КДБФ Български
072 #7 - Код за тематичната категория
Код организация bullib
Код за тематична категория К
Текст Краезнание
080 ## - УДК
Текстов определител УДК Селскостопански машини и инструменти. Селскостопанско машиностроене
УДК код - определител по УДК 631.3
УДК определител (497.215)
УДК - код + определител 631.3(497.215)
100 1# - Редна дума - Автор
Автор Маринова-Куюмджиева, Боянка
Авторска отговорност първи автор
R(LIN) 382401
139 ## - Редно поле
Редна дума Маринова-Куюмджиева, Боянка и др.
Авторски знак Мари - М 31
245 10 - Сведения за заглавието
Заглавие В авангарда на класата
Подзаглавни данни Ист. очерк за ДМЗ Г. Димитров - Русе
Редно поле (дума) Боянка Маринова-Куюмджиева, Петър Великовски; * Боянка Маринова.
257 ## - Страна на издаване
Страна на създаване/издаване България
260 ## - Област на издателските данни
Място на издаване, разпространение и проч. София
Име на издателя, разпространителя и проч. Профиздат
Година на издаване 1979
300 ## - Физическа характеристика
Страници 131 с.
Илюстрации и др. с ил.
Размери/Мащаб 20 см
380 ## - Жанр
Жанр Техника
500 ## - Общи забележки
Забележка На кор. авт. Боянка Маринова-Куюмджиева означена Б. Маринова. - 4 150 тир.
650 #4 - Допълнително описание по предмет – тема
Основно описание – тема или топоним Машиностроене - България
9 (RLIN) 289791
650 #4 - Допълнително описание по предмет – тема
Основно описание – тема или топоним Русе - стопанско развитие
9 (RLIN) 275828
651 #4 - Допълнително описание по предмет - топоним
Географско понятие България
9 (RLIN) 241624
651 #4 - Допълнително описание по предмет - топоним
Географско понятие Русе
9 (RLIN) 179462
653 ## - Ключова дума – ненормативна
Ключова дума машиностроене
653 ## - Ключова дума – ненормативна
Ключова дума заводи
653 ## - Ключова дума – ненормативна
Ключова дума Спарки
659 ## - Тематичен бюлетин
Тематичен бюлетин К
700 1# - Други автори (авторска отговорност)
Лично име Великовски, Петър Иванов
Друга информация Историк
9 (RLIN) 47059
700 1# - Други автори (авторска отговорност)
Лично име Маринова, Боянка
Автороска отговорност (Описва отношението между автора и произведението) *
9 (RLIN) 337561
852 ## - Местоположение
Форматна сигнатура Цб 101368
Фондова буква Хранилище
852 ## - Местоположение
Форматна сигнатура К 63/М 31 Б
856 4# - Електронен адрес и достъп
Електронен формат pdf - файл
Инструкция (цена за достъп) 0.00
Права за достъп disable
856 4# - Електронен адрес и достъп
Електронен формат pdf - файл
Инструкция (цена за достъп) 0.00
Права за достъп disable
999 ## - СИСТЕМНИ КОНТРОЛНИ НОМЕРА
Koha biblionumber 167568
Koha biblioitemnumber 167568
942 ## - АРТИКУЛИ
Вид на библиотечния материал Книги
Скрит в OPAC Не
Koha issues (borrowed), all copies 1
Периодичен библиозапис Да
944 ## - СЪЗДАВАНЕ И РЕДАКЦИЯ на ЗАПИСА
Създаване/Редакция Създаване
Дата на регистрацията/редакция 15.05.2015
Статус, дата на статуса Геновева Генчева
Служител, извършил регистрацията/редакцията 30560
Наличности
Код за отписване Код за изгубен артикул Източник на класификационната схема Код за повреда Коз за рестрикции Код за отдаване Артикулен № Име на библиотеката - собственик Име на библиотеката, в която се намира в момента Статус (Текущо местоположение) Дата на вписване в системата Местоположение - отдел Цена в лева Инвентарен номер Систематично азбучна сигнатура Баркод Номер на екземпляра Цена в евро Служебна бележка Служебен тип на артикула
  Не е изгубен Universal Decimal Classification Не е повреден без рестрикции ползва се в читалня 282306 Регионална библиотека "Любен Каравелов" Русе Регионална библиотека "Любен Каравелов" Русе Краезнание 1979-01-01 Краезнание 0.65 310150 К 63/М 31 Б 120000310150 1 0.33 N: Сф Дата: 01.01.1979 Дата инв: 16.11.2017 Бележки инв: К2017 Книги
  Не е изгубен Universal Decimal Classification Не е повреден без рестрикции ползва се в читалня 282307 Регионална библиотека "Любен Каравелов" Русе Регионална библиотека "Любен Каравелов" Русе Краезнание 1979-01-01 Краезнание 3.00 378667 К 63/М 31 Б 120000378667 2 1.53 N: Сф Дата: 01.01.1979 Дата инв: 10.11.2017 Бележки инв: К2017 Книги
  Не е изгубен Universal Decimal Classification Не е повреден само за читалня ползва се в читалня 282308 Регионална библиотека "Любен Каравелов" Русе Регионална библиотека "Любен Каравелов" Русе Хранилище 1979-01-01 Хранилище 0.65 294018 Цб 101368 120000294018 3 0.33 Дост: Dp Вид: Д N: Сф Дата: 01.01.1979 Книги
Vip Innovations Ltd, Rousse, Bulgaria 2025